| 000 | 00776nam a22002777a 4500 | ||
|---|---|---|---|
| 003 | CHAP | ||
| 005 | 20220329135216.0 | ||
| 008 | 971013s1962 r 00010 d | ||
| 010 | _a32632 | ||
| 011 | _a33604 | ||
| 035 | _a37720 | ||
| 040 | _cCHAP | ||
| 090 | _aFolleto 15 | ||
| 100 | 0 | 0 |
_aMatz, G. _973122 |
| 245 | _aFabrication of fuel elements | ||
| 260 |
_aVienna : _bInternational Atomic Energy Agency, _c1962 |
||
| 300 |
_a80 p. _b: ilus. ; gráfs |
||
| 490 |
_aReview series _v; 25 |
||
| 590 |
_aBATCH-UPD _b10 _c20130110 _lUCH01 _h1859 |
||
| 590 |
_aCONVERSION _b10 _c20130109 _lUCH01 _h1318 |
||
| 650 | 1 | 4 |
_aCombustibles. _925554 |
| 830 | 0 |
_aReview series _v; 25 _996701 |
|
| 901 | _aBK | ||
| 942 | _cFOLL | ||
| 949 |
_aFolleto 15 _bBC _cFOLL _d-86408 _eTS1 _i37720 _si |
||
| 999 |
_c32632 _d32632 |
||